Seoul-Incheon Airport (ICN) Destinations - Statistics

General Stats
  • This quiz has been taken 502 times
    445 since last reset
  • The average score is 82 of 168
Answer Stats
Hint Answer % Correct
Air China, Asiana Air, China Southern, Korean Air Beijing
92%
Asiana Air, Koeran Air, Peach Tokyo-Haneda
92%
Air Seoul, Asiana Air, Eastar Jet, Jeju Air, Jin Air, Korean Air, T'way Air Tokyo-Narita
92%
Aeroflot, Korean Air Moscow-Sheremetyevo
91%
Thai AirAsia X Bangkok-Don Mueang
90%
Asiana Air, Eastar Jet, Jeju Air, Jin Air, Koeran Air, Thai Air, T'way Air Bangkok-Suvarnabhumi
90%
Air Seoul, Asiana Air, Eastar Jet, Jeju Air, Jin Air, Koeran Air, Peach, T'way Air Osaka-Kansai
90%
Asiana Air, China Eastern, China Southern, Korean Air, Shanghai Air, Spring Air, Shanghai-Pudong
90%
Air India, Air Seoul, Asiana Air, Cathay Pacific, Eastar Jet, Ethiopian Air, Hong Kong Air, HK Express, Jeju Air, Jin Air, Korean Air, Thai Airways Hong Kong
89%
Asiana Air, Eastar Jet, Jeju Air, Jin Air, Korean Air, VietJet, Vietnam Air Hanoi
88%
Asiana Air, Cebu Pacific, Jeju Air, Korean Air, Philippine Air, Philippines AirAsia Manila
88%
AirAsia X, Korean Air, Malaysia Air Kuala Lumpur
87%
Asiana Air, Korean Air, Singapore Air Los Angeles
87%
Asiana Air, Cathay Pacific, China Air, Eastar Jet, EVA Air, Jeju Air, Jin Air, Korean Air, Mandarin Air, Scoot, Thai Air, UNI Air Taipei-Taoyuan
87%
Asiana Air, British Airways, Korean Air London-Heathrow
86%
Asiana Air, Korean Air, Scoot, Singapore Air Singapore
86%
Asiana Air, Garuda Indonesia, Korean Air, Jakarta
85%
Asiana Air, Korean Air New York-JFK
85%
Air France, Asiana Air, Korean Air Paris-Charles de Gaulle
85%
Emirates, Korean Air Dubai
84%
Air India, Korean Air Mumbai
84%
Asiana Air, Korean Air, United San Francisco
84%
Korean Air Busan
83%
Air India, Asiana Air, Korean Air Delhi
83%
Air Canada, Korean Air Toronto-Pearson
83%
Air Canada, Korean Air Vancouver
82%
Alitalia, Asiana Air, Korean Air Rome
81%
Qatar Airways Doha
80%
Asiana Air, Korean Air Jeju
80%
Aeromexico Mexico City
80%
Asiana Air, China Southern, Koeran Air Guangzhou
79%
Etihad Airways Abu Dhabi
78%
Asiana Air, China Southern, Korean Air, Shenzhen Air Shenzhen
77%
Asiana Air, Korean Air Sydney
77%
Asiana Air, Koeran Air Chicago-O'hare
76%
Asiana Air, China Eastern, Korean Air, Shenzhen Air Xi'an
76%
Asiana Air, Korean Air, Lufthansa Frankfurt
75%
Finnair Helsinki
75%
Korean Air Madrid
75%
Lufthansa Munich
75%
Asiana Air, Delta, Korean Air Seattle/Tacoma
75%
Korean Air St. Petersburg
75%
LOT Polish Warsaw
75%
American Airlines, Korean Air Dallas/Fort Worth
74%
Garuda Indonesia, Korean Air Denpasar
74%
Asiana Air, Korean Air, Turkish Air Istanbul
74%
Korean Air, Xiamen Air Xiamen
74%
KLM, Korean Air Amsterdam
73%
Air Astana, Asiana Air Astana
73%
Asiana Air, Cebu Pacific, Jeju Air, Jin Air, Korean Air, Pan Pacific Air, Philippine Air, Philippines AirAsia Cebu
73%
Air China, Asiana Air, Sichuan Air Chengdu
73%
Asiana Air, Eastar Jet, Jin Air, Korean Air, T'way Air Sapporo
73%
Air Macau, Air Seoul, Asiana Air, Jin Air, T'way Air Macau
72%
Asiana Air, Hawaiian Air, Jin Air, Korean Air Honolulu
71%
Korean Air, Miat Mongolian Air Ulan Bator
71%
Delta, Korean Air Atlanta
69%
Asiana Air, Jin Air, Korean Air Nagoya
69%
Aeroflot, Asiana Air, Jeju Air, Korean Air, S7 Air Vladivostok
68%
Korean Air Barcelona
67%
Air China, Asiana Air Chongqing
67%
Asiana Air, Jeju Air, Korean Air, T'way Air, VietJet, Vietnam Air Ho Chi Minh City
67%
Korean Air Milan-Malpensa
67%
Air China, Asiana Air, Korean Air, Tianjin Air Tianjin
67%
Korean Air Auckland
64%
Asiana Air, Eastar Jet, Jeju Air, Jin Air, Koeran Air, T'way Air Fukuoka
64%
Asiana Air, Korean Air Phnom Penh
64%
China Southern, Korean Air Wuhan
63%
Asiana Air, Korean Air, Uzbekistan Air Tashkent
62%
Air Astana, Asiana Air Almaty
61%
Air Seoul, Asiana Air Hiroshima
60%
Asiana Air, Eastar Jet, Jeju Air, Jin Air, Koeran Air, Peach, T'way Air Naha
60%
Czech Air, Korean Air Prague
60%
Korean Air Washington-Dulles
60%
Asiana Air, Eastar Jet, Jeju Air, Korean Air Phuket
59%
Korean Air, Myanmar Airways International Yangon
59%
Asiana Air, China Southern Harbin
58%
Asiana Air, China Eastern Nanjing
57%
Ethiopian Air Addis Ababa
56%
Air China, Asiana Air Hangzhou
56%
Korean Air Brisbane
55%
Korean Air Zurich
55%
Asiana Air, Eastar Jet, Jeju Air, Jin Air, Korean Air, T'way Air, Vietnam Air Da Nang
54%
Korean Air Vienna
54%
Air China, Asiana Air, China Eastern, Jeju Air, Korean Air, Shandong Air, T'way Air Qingdao
52%
Delta Detroit
49%
Jin Air, Lao Air, T'way Air Vientiane
49%
Korean Air Daegu
48%
China Eastern, Korean Air Kunming
48%
Korean Air Las Vegas
48%
China Southern, Jin Air, Korean Air Shenyang
48%
China Southern Urumqi
48%
Asiana Air, China Southern, Korean Air Dalian
47%
Air Seoul, Asiana Air, Jin Air Nagasaki
47%
Royal Brunei Air Bandar seri Begawan
46%
Korean Air Tel Aviv
45%
Air Seoul, Jeju Air, Jin Air, Korean Air, T'way Air Guam
44%
Xiamenair Fuzhou
43%
Korean Air Colombo
41%
Asiana Air Sendai
41%
China Eastern, China Southern, Korean Air Zhengzhou
41%
Korean Air, Jeju Air Chiang Mai
40%
China Air, EVA Air, Mandarin Air, T'way Air Kaohsiung
40%
S7 Novosibirsk
37%
China Eastern, China Southern, Korean Air Nanning
36%
Air Seoul, Asiana Air, Cambodia Angkor Air, Eastar Jet, JC Airways, Sky Angkor Air Siem Reap
36%
Asiana Air, China Eastern, China Southern, Korean Air Changsha
35%
Korean Air Kathmandu
35%
T'way Air Haikou
33%
Korean Air, S7 Irkutsk
33%
Korean Air Male
31%
Myanmar Airways International Mandalay
30%
Air China, T'way Air Wenzhou
30%
Asiana Air, Eastar Jet, Korean Air, Shandong Air, T'way Air Jinan
29%
Eastar Jet, Jeju Air, Korean Air Kagoshima
29%
Asiana Air, Jin Air, Philippine Air Clark
28%
Air China, Korean Air Hefei
28%
Asiana Air, Eastar Jet, Jeju Air, Jin Air, T'way Air Saipan
27%
Asiana Air, China Southern Changchun
26%
Air Seoul, Asiana Air, Eastar Jet, Jeju Air, Jin Air Kota Kinabalu
26%
Korean Air Niigata
26%
Yakutia Yakutsk
26%
Aeroflot, Asiana Air Khabarovsk
25%
EVA Air, Mandarin Air, T'way Air, UNI Air Taichung
25%
Asiana Air, China Eastern, Jeju Air, Shandong Air, Shenzhen Air Yantai
24%
Asiana Air, Jeju Air, Korean Air, VietJet Air, Vietnam Air Nha Trang
22%
China Eastern Wuxi
21%
Korean Air Aomori
20%
Jin Air Kitakyushu
20%
Air Seoul, Asiana Air, T'way Air Kumamoto
20%
Korean Air Nadi
20%
Asiana Air Guilin
19%
Jeju Air, Spring Air Shijiazhuang
19%
Aeroflot, Asiana Air Yuzhno-Sakhalinsk
19%
Korean Air Hakodate
18%
China Eastern Taiyuan
18%
Asiana Air, China Eastern, Jeju Air, Korean Air Weihai
18%
Asiana Air, Eastar Jet Miyazaki
17%
Korean Air, T'way Air Oita
17%
Korean Air Okayama
17%
China Southern, Korean Air Guiyang
16%
Jeju Air Matsuyama
16%
Korean Air Akita
15%
Air Seoul, Asiana Air Shizuoka
15%
Air China, Asiana Air, China Southern, Korean Air Yanji
15%
Air Seoul, Asiana Air, Cebu Pacific, Pan Pacific Air, Philippine Air, Philippines AirAsia Kalibo
14%
Xiamenair Quanzhou
14%
Jin Air Cairns
12%
VietJet Hai Phong
12%
Air Seoul, Asiana Air Takamatsu
12%
Yakutia Ulan–Ude
12%
Asiana Air Asahikawa
10%
Air China Dandong
10%
China Southern Mudanjiang
10%
T'way Air Saga
10%
Korean Air Komatsu
9%
Asiana Air, Koeran Air Koror
9%
Sky Angkor Airlines Sihanoukville
8%
China Eastern Changzhou
7%
Jin Air Johor Bahru
7%
Air Seoul, Asiana Air Yonago
7%
Asiana Air, Korean Air Huangshan
6%
Air Seoul Toyama
6%
Asiana Air, China Eastern Yancheng
6%
Air Seoul Ube
5%
Yakutia Blagoveshchensk
4%
China Southern, Jeju Air Jiamusi
3%
Philippine Air Tagbilaran
3%
Philippine Air Bacolod
2%
No matching quizzes found
Score Distribution
Percent of People with Each Score
Percentile by Number Answered
Your Score History
You have not taken this quiz since the last reset